La scimmia sulla schiena /

Guardat en:
Dades bibliogràfiques
Autor principal: Burroughs, William S. (Autor)
Altres autors: Oddera, Bruno, Pivano, Fernanda
Format: Llibre
Idioma:italià
Publicat: Milano : Rizzoli, 1984
Edició:5. ed
Col·lecció:BUR
Etiquetes: Afegir etiqueta
Sense etiquetes, Sigues el primer a etiquetar aquest registre!

MARC

LEADER 00000nam a22000001i 4500
001 IT\ICCU\UBO\0142656
003 ItRI
005 20250902111458.0
008 941216s1984 it |||||| ||||| |||||c
020 |a 8817120804 
040 |b ita  |c ct 
041 7 |a ita  |2 ISO-639-2 
082 |a 813.54  |2 20 
100 1 |a Burroughs, William S.  |0 IT\ICCU\CFIV\000644  |4 aut 
240 1 0 |a Junkie  |9 Burroughs, William S. 
245 1 3 |a La scimmia sulla schiena /  |c William Burroughs ; introduzione di Fernanda Pivano ; traduzione di Bruno Oddera. 
250 |a 5. ed 
260 |a Milano :  |b Rizzoli,  |c 1984 
300 |a VIII, 249 p. ;  |c 18 cm. 
700 1 |a Oddera, Bruno  |0 IT\ICCU\CFIV\007737 
700 1 |a Pivano, Fernanda  |0 IT\ICCU\CFIV\037838 
830 0 |a BUR  |0 IT\ICCU\CFI\0001538 
942 |2 ddc  |c BK 
952 |0 0  |1 0  |2 ddc  |4 0  |6 B_LNR01BURWISCI11  |7 0  |9 5636  |a MI  |b MI  |d 1989-01-26  |i 1539  |l 0  |o B-LNR01-BURWI-SCI11  |p CDOM1539  |r 2025-07-13 16:28:00  |w 2025-07-13  |x DONO  |y BK 
981 1 |6 z01  |a i   |b xxxe  
982 1 |6 z01  |a n 
999 |c 4489  |d 4489